LEADER 00877nam0-2200313---450- 001 990008635810403321 005 20080930150257.0 035 $a000863581 035 $aFED01000863581 035 $a(Aleph)000863581FED01 035 $a000863581 100 $a20080318d1982----km-y0itay50------ba 101 0 $aita 102 $aIT 105 $aa---z---001yy 200 1 $aDux$fMargherita Sarfatti$gintroduzione di Piero Chiara$gprefazione di Benito Mussolini 210 $aMilano$cMondadori$dİ1982 215 $aXIII, 321 p.$cill.$d21 cm 225 1 $a<>libri ritrovati 610 0 $aMussolini, Benito 676 $a923.2$v21$zita 700 1$aSarfatti,$bMargherita$075318 801 0$aIT$bUNINA$gRICA$2UNIMARC 901 $aBK 912 $a990008635810403321 952 $a923.2 SAR 1$bBibl.55839$fFLFBC 959 $aFLFBC 996 $aDUX$990204 997 $aUNINA